|
|
|
|
| LEADER |
01948cas a2200301 a 4500 |
| 001 |
AALejournalIMF021883 |
| 008 |
230101c9999 xx r poo 0 0eng d |
| 020 |
|
|
|c 5.00 USD
|
| 020 |
|
|
|z 9781513594439
|
| 022 |
|
|
|a 1934-7685
|
| 040 |
|
|
|a BD-DhAAL
|c BD-DhAAL
|
| 110 |
2 |
|
|a International Monetary Fund.
|b European Dept.
|
| 245 |
1 |
0 |
|a Germany :
|b 2021 Article IV Consultation-Press Release; Staff Report; and Statement by the Executive Director for Germany.
|
| 264 |
|
1 |
|a Washington, D.C. :
|b International Monetary Fund,
|c 2021.
|
| 300 |
|
|
|a 1 online resource (78 pages)
|
| 490 |
1 |
|
|a IMF Staff Country Reports
|
| 500 |
|
|
|a <strong>Off-Campus Access:</strong> No User ID or Password Required
|
| 500 |
|
|
|a <strong>On-Campus Access:</strong> No User ID or Password Required
|
| 506 |
|
|
|a Electronic access restricted to authorized BRAC University faculty, staff and students
|
| 520 |
3 |
|
|a Germany's economy contracted by just under 5 percent in 2020, outperforming most European peers. But renewed waves of infections and associated lockdowns caused economic activity to plunge again in the first quarter of this year. While the pace of mass vaccination has picked up and the economy has started to reopen, the recovery path is beset with risks, particularly with respect to the progress of the pandemic and supply shortages in major industries. The authorities have maintained appropriately accommodative fiscal and financial policies, and most measures supporting households and firms have been extended through 2021.
|
| 538 |
|
|
|a Mode of access: Internet
|
| 650 |
|
7 |
|a International Agreements
|2 imf
|
| 650 |
|
7 |
|a International Organizations
|2 imf
|
| 650 |
|
7 |
|a Monetary Policy
|2 imf
|
| 650 |
|
7 |
|a Observance
|2 imf
|
| 651 |
|
7 |
|a Germany
|2 imf
|
| 830 |
|
0 |
|a IMF Staff Country Reports; Country Report ;
|v No. 2021/153
|
| 856 |
4 |
0 |
|z Full text available on IMF
|u http://elibrary.imf.org/view/journals/002/2021/153/002.2021.issue-153-en.xml
|z IMF e-Library
|